Экологические последствия лесных пожаров; Энергетика: экология, надежность, безопасность

Bibliografiske detaljer
Parent link:Энергетика: экология, надежность, безопасность.— 2008
Hovedforfatter: Барановский Н. В. Николай Викторович
Sprog:russisk
Udgivet: 2008
Fag:
Online adgang:http://www.lib.tpu.ru/fulltext/m/2009/m19.pdf#page=5
Format: MixedMaterials Electronisk Book Chapter
KOHA link:https://koha.lib.tpu.ru/cgi-bin/koha/opac-detail.pl?biblionumber=155315

MARC

LEADER 00000naa2a2200000 4500
001 155315
005 20251204111118.0
035 |a (RuTPU)RU\TPU\book\168487 
090 |a 155315 
100 |a 20090312d2008 k y0rusy50 ca 
101 0 |a rus 
102 |a RU 
200 1 |a Экологические последствия лесных пожаров  |f Н. В. Барановский 
320 |a Библиогр.: 28 назв. 
337 |a Adobe Reader. 
463 0 |0 (RuTPU)RU\TPU\book\162397  |t Энергетика: экология, надежность, безопасность  |o материалы докладов 14 Всероссийской научно-технической конференции, 9-11 декабря 2008 г., Томск  |f Томский политехнический университет (ТПУ); Томская область, Администрация; Международная энергетическая академия ; под ред. В. В. Литвака [и др.]  |d 2008 
610 1 |a лесные пожары 
610 1 |a леса 
610 1 |a загрязнения 
610 1 |a атмосфера 
610 1 |a лесные горючие материалы 
610 1 |a горение 
610 1 |a пиролиз 
610 1 |a измерения 
610 1 |a озон 
610 1 |a полютанты 
610 1 |a труды учёных ТПУ 
610 1 |a электронный ресурс 
675 |a 630.43  |v 3 
700 1 |a Барановский  |b Н. В.  |c специалист в области теплотехники  |c доцент Томского политехнического университета, кандидат физико-математических наук  |f 1978-  |g Николай Викторович  |3 (RuTPU)RU\TPU\pers\30197  |9 14591 
801 1 |a RU  |b 63413507  |c 20090312  |g PSBO 
801 2 |a RU  |b 63413507  |c 20161229  |g PSBO 
856 4 |u http://www.lib.tpu.ru/fulltext/m/2009/m19.pdf#page=5 
942 |c CF